|
|
|
|
| LEADER |
00000nam0a2200000 4500 |
| 001 |
183586 |
| 005 |
20231101223753.0 |
| 010 |
|
|
|a 9785811410910
|
| 035 |
|
|
|a (RuTPU)RU\TPU\book\199025
|
| 035 |
|
|
|a RU\TPU\book\106392
|
| 090 |
|
|
|a 183586
|
| 100 |
|
|
|a 20060629d2010 m y0rusy50 ca
|
| 101 |
0 |
|
|a rus
|
| 102 |
|
|
|a RU
|
| 105 |
|
|
|a a j 001zy
|
| 200 |
1 |
|
|a Детали машин
|e учебник
|f Н. В. Гулиа, В. Г. Клоков, С. А. Юрков
|
| 205 |
|
|
|a 2-е изд., испр.
|
| 210 |
|
|
|a Москва
|c Академия
|d 2010
|
| 215 |
|
|
|a 416 с.
|c ил.
|
| 225 |
1 |
|
|a Учебники для вузов. Специальная литература
|
| 320 |
|
|
|a Библиогр.: с. 411.
|
| 330 |
|
|
|a Изложены основы теории, расчета и конструирования деталей и сборочных единиц (узлов) машин и механизмов общего назначения. Отдельный раздел учебника посвящен примерам расчетов наиболее типичных приводов, передач, деталей и узлов машин. Для студентов образовательных учреждений среднего профессионального образования, обучающихся по группе специальностей «Машиностроение», может быть полезен студентам технических специальностей вузов.
|
| 451 |
|
1 |
|0 (RuTPU)RU\TPU\book\106392
|y 5-7695-1384-5
|t Детали машин
|o учебник
|f Н. В. Гулиа, В. Г. Клоков, С. А. Юрков
|c М.
|n Академия
|d 2004
|p 416 с.
|s Высшее профессиональное образование. Машиностроение
|a Гулиа, Нурбей Владимирович
|
| 606 |
1 |
|
|a Детали машин
|2 stltpush
|3 (RuTPU)RU\TPU\subj\9144
|9 36422
|
| 610 |
1 |
|
|a механические передачи
|
| 610 |
1 |
|
|a ременные передачи
|
| 610 |
1 |
|
|a цепные передачи
|
| 610 |
1 |
|
|a фрикционные передачи
|
| 610 |
1 |
|
|a винтовые передачи
|
| 610 |
1 |
|
|a зубчатые передачи
|
| 610 |
1 |
|
|a червячные передачи
|
| 610 |
1 |
|
|a планетарные передачи
|
| 610 |
1 |
|
|a волновые передачи
|
| 610 |
1 |
|
|a вариаторы
|
| 610 |
1 |
|
|a редукторы
|
| 610 |
1 |
|
|a валы
|
| 610 |
1 |
|
|a оси
|
| 610 |
1 |
|
|a подшипники
|
| 610 |
1 |
|
|a муфты
|
| 610 |
1 |
|
|a детали-энергонакопители
|
| 610 |
1 |
|
|a соединения
|
| 610 |
1 |
|
|a приводы
|
| 610 |
1 |
|
|a расчеты
|
| 610 |
1 |
|
|a учебники
|
| 675 |
|
|
|a 621.81(075.8)
|v 3
|
| 700 |
|
1 |
|a Гулиа
|b Н. В.
|g Нурбей Владимирович
|
| 701 |
|
1 |
|a Клоков
|b В. Г.
|g Виктор Георгиевич
|
| 701 |
|
1 |
|a Юрков
|b С. А.
|g Сергей Александрович
|
| 801 |
|
1 |
|a RU
|b 63413507
|c 20100813
|
| 801 |
|
2 |
|a RU
|b 63413507
|c 20150701
|g RCR
|
| 900 |
|
|
|a Детали машин и основы конструирования
|
| 900 |
|
|
|a Машиноведение, системы приводов и детали машин
|
| 942 |
|
|
|c BK
|
| 959 |
|
|
|a 48/20100812
|d 2
|e 469,92
|f АНЛ:1
|f ЧЗТЛ:1
|